000
00324nam a2200145Ia 4500
008
230718s9999 xx 000 0 und d
041
_a
Eng.
082
_a
345.92
_b
CAR-B
100
_a
Carr, Claudia
245
0
_a
Beginning Climindalein
260
_a
Pakistan
_b
press
_c
204
300
_a
165
650
_a
Law
999
_c
31900
_d
31900